Southville International School and Colleges
Your cart is empty.
  • Cart
  • Lists
    Public lists Eva Luna New books Lux_list list_1
    Your lists Log in to create your own lists
  • Log in to your account
  • Your cookies
  • Search history
Southville International School and Colleges
  • Advanced search
  • Recent comments
  • Most popular
  • Libraries

Log in to your account

Log in with GOOGLE


If you do not have an external account, but do have a local account, you can still log in:

  1. Home
  2. MARC view: Genetics, evolution and biodiversity
Normal view MARC view ISBD view

Genetics, evolution and biodiversity (Record no. 2984)

[ view plain ]
MARC details
000 -LEADER
fixed length control field 00592nam a22001817a 4500
003 - CONTROL NUMBER IDENTIFIER
control field 20130622085749.0
005 - DATE AND TIME OF LATEST TRANSACTION
control field 20160105144530.0
008 - FIXED-LENGTH DATA ELEMENTS--GENERAL INFORMATION
fixed length control field 130622t xxu||||| |||| 00| 0 eng d
020 ## - INTERNATIONAL STANDARD BOOK NUMBER
International Standard Book Number 9780748774920
050 ## - LIBRARY OF CONGRESS CALL NUMBER
Classification number QH 430
Item number .Ad222 2004
082 ## - DEWEY DECIMAL CLASSIFICATION NUMBER
Classification number IB 575.102
Item number Ad2 2004
100 ## - MAIN ENTRY--PERSONAL NAME
Personal name Adds, John
245 ## - TITLE STATEMENT
Title Genetics, evolution and biodiversity
Statement of responsibility, etc John Adds, Erica Larkcom, Ruth Miller, Series Editor: Martin Furness-Smith
250 ## - EDITION STATEMENT
Edition statement revised edition
260 ## - PUBLICATION, DISTRIBUTION, ETC. (IMPRINT)
Place of publication, distribution, etc United Kingdom
Name of publisher, distributor, etc Nelson Thornes Ltd.
Date of publication, distribution, etc 2004
300 ## - PHYSICAL DESCRIPTION
Extent x, 187 p.
Other physical details col. : ill. ;
Dimensions 28 cm.
942 ## - ADDED ENTRY ELEMENTS (KOHA)
Source of classification or shelving scheme Library of Congress Classification
Koha item type Books
Holdings
Withdrawn status Lost status Source of classification or shelving scheme Damaged status Home library Current library Shelving location Date acquired Total Checkouts Full call number Barcode Date last seen Copy number Price effective from Koha item type
    Library of Congress Classification   Luxembourg Library Luxembourg Library International Baccalaureate Section 06/22/2013   QH 430 .Ad222 2004 16731 08/13/2013 1 06/22/2013 Books

Genetics, evolution and biodiversity

APA

Adds J., . (2004). Genetics, evolution and biodiversity. United Kingdom: Nelson Thornes Ltd.

Chicago

Adds John, . 2004. Genetics, evolution and biodiversity. United Kingdom: Nelson Thornes Ltd.

Harvard

Adds J., . (2004). Genetics, evolution and biodiversity. United Kingdom: Nelson Thornes Ltd.

MLA

Adds John, . Genetics, evolution and biodiversity. United Kingdom: Nelson Thornes Ltd. 2004.

  • Place hold
  • Print
  • Cite
  • Add to your cart (remove)
  • Save record
    BIBTEX Dublin Core MARCXML MARC (non-Unicode/MARC-8) MARC (Unicode/UTF-8) MARC (Unicode/UTF-8, Standard) MODS (XML) RIS
  • More searches
    Search for this title in:
    Other Libraries (WorldCat) Other Databases (Google Scholar) Online Stores (Bookfinder.com) Open Library (openlibrary.org)

Exporting to Dublin Core...

SOUTHVILLE LIBRARY

Southville International School and Colleges Library

1281 Tropical Ave. Cor. Luxembourg St., BF Homes International, Las Pinas City

Tel. No. 8256374 / 252358 Loc. 117/146

Powered by Koha